| 000 | 01027nam a2200265 a 4500 | ||
|---|---|---|---|
| 003 | CBULib | ||
| 005 | 20231025104421.0 | ||
| 008 | 131029s2004 ||||||||||||||||| || u | ||
| 040 |
_aCBULib _beng _cCBULib _dCBUlib _erda |
||
| 041 | _aeng | ||
| 050 | _aUN-ECA(058)RWG/2003/2 | ||
| 110 | _aUnited Nations Economic Commission For Africa(UNECA) | ||
| 245 | 1 | 0 |
_aEastern and Southern Africa Workshop Preparatory to ADF IV on Governance for a Progressing Africa (14-26 November 2003, Lusaka, Zambia) _cReport of the Southern Africa Working Group |
| 260 |
_aLusaka : _bUNITED NATIONS ECONOMIC COMMISSION FOR AFRICA(UNECA), _c2004. |
||
| 300 | _a26 pages.: illustrations. | ||
| 336 |
_2rdacontent _aText | _btxt |
||
| 337 |
_2rdamedia _aUnmediated | _bn |
||
| 338 |
_2rdacarrier _aVolume _bnc |
||
| 504 | _aincludes references | ||
| 650 | 0 | _aAFRICA--ECONOMIC CONDITIONS | |
| 650 | _aGOOD GOVERNANCE | ||
| 650 | _aGOOD GOVERNANCE--AFRICA | ||
| 942 |
_2mc _c029 |
||
| 999 |
_c40672 _d40672 |
||